Caminos de la hermenéutica
Đã lưu trong:
| Tác giả khác: | , |
|---|---|
| Định dạng: | Sách |
| Ngôn ngữ: | Tiếng Tây Ban Nha |
| Được phát hành: |
Madrid
Biblioteca Nueva
2006
|
| Những chủ đề: | |
| Các nhãn: |
Thêm thẻ
Không có thẻ, Là người đầu tiên thẻ bản ghi này!
|
MARC
| LEADER | 00000nam a2200000 a 4500 | ||
|---|---|---|---|
| 001 | UCI1919 | ||
| 003 | CL-VaPUC | ||
| 005 | 20231128114022.0 | ||
| 008 | 070727e20060000SP |||||||||||||||||spa|d | ||
| 999 | |c 326609 |d 326607 | ||
| 020 | |a 8497425197 | ||
| 040 | |c Pontificia Universidad Católica de Valparaíso | ||
| 082 | 0 | 4 | |a 121.686 |b MUÑ |2 21 |
| 100 | |a Muñoz, Jacobo |e editor |9 571244 | ||
| 245 | 1 | 0 | |a Caminos de la hermenéutica |
| 260 | |a Madrid |b Biblioteca Nueva |c 2006 | ||
| 300 | |a 316 p | ||
| 583 | |a last modification |c 20070727 00:00:00 |k Rodrigo Vera | ||
| 650 | 0 | |a Hermenéutica |9 269473 | |
| 650 | 0 | |a Análisis del discurso |9 256696 | |
| 650 | 0 | |a Epistemología |9 264994 | |
| 700 | |a Faerna, Angel Manuel |e editor |9 870831 | ||
| 942 | |c BK |2 ddc | ||
| 945 | |d 20070727 00:00:00 |a rbrito | ||
| 952 | |0 0 |1 0 |4 0 |6 121_686000000000000_MUÑ_2006 |7 0 |8 A |9 408631 |a BIBEDU |b BIBEDU |d 2019-11-22 |i 4358279 |l 2 |o 121.686 MUÑ 2006 |p 4358279 |r 2022-06-30 |s 2022-06-30 |w 2019-11-22 |y BK |k FIL | ||